[Event "EU Union-ch U12 19th"]
[Site "Mureck"]
[Date "2022.08.10"]
[Round "8"]
[White "Szamko, Balint"]
[Black "Burszczan, Piotr"]
[Result "0-1"]
[WhiteElo "1062"]
[BlackElo "1065"]
[PlyCount "84"]
[EventDate "2022.08.03"]
[EventType "swiss"]
[EventRounds "9"]
[EventCountry "AUT"]
[SourceTitle "EXT 2023"]
[Source "ChessBase"]
[SourceDate "2022.10.05"]
[SourceVersion "1"]
[SourceVersionDate "2022.10.05"]
[SourceQuality "1"]

1. e4 c5 2. Nc3 Nc6 3. f4 d6 4. Nf3 g6 5. Bc4 Bg4 6. 0-0 Nd4 7. Be2 Bxf3 8. Bxf3 Bh6 9. d3 Nf6 10. Ne2 Nxf3+ 11. Rxf3 0-0 12. Qe1 Qb6 13. Qh4 Bg7 14. Rh3 h5 15. e5 Ng4 16. Rg3 c4+ 17. d4 dxe5 18. h3 Bf6 19. Rb3 cxb3 20. Qg3 Nh6 21. axb3 Nf5 22. Qd3 Nxd4 23. Be3 Nxe2+ 24. Qxe2 Qc6 25. f5 e4 26. Rf1 Bxb2 27. c3 Qxc3 28. Bh6 Rfe8 29. fxg6 fxg6 30. Qb5 Qd4+ 31. Kh1 Qd3 32. Qxd3 exd3 33. Rd1 Red8 34. Kg1 d2 35. Kf2 Rac8 36. Bxd2 Rc2 37. Ke1 Bc3 38. Bxc3 Rxd1+ 39. Kxd1 Rxc3 40. g4 Rxb3 41. gxh5 gxh5 42. h4 a5 0-1

[Event "HUN--chT U12"]
[Site "Budapest"]
[Date "2019.10.27"]
[Round "3.4"]
[White "Szamko, Balint"]
[Black "Szabo, Akos1111"]
[Result "0-1"]
[WhiteElo "1129"]
[BlackElo "1418"]
[PlyCount "92"]
[EventDate "2019.10.26"]
[EventType "team-swiss"]
[EventRounds "7"]
[EventCountry "HUN"]
[SourceTitle "CBM 192 Extra"]
[Source "Chessbase"]
[SourceDate "2019.11.06"]
[SourceVersion "1"]
[SourceVersionDate "2019.11.06"]
[SourceQuality "1"]
[WhiteTeam "Szeged Maroczy"]
[BlackTeam "DVTK"]
[WhiteTeamCountry "HUN"]
[BlackTeamCountry "HUN"]

1. e4 e5 2. Nf3 Nc6 3. Nc3 Nf6 4. d4 exd4 5. Nxd4 Bb4 6. Nxc6 bxc6 7. e5 Nd5 8. Bd2 Nxc3 9. Bxc3 Bxc3+ 10. bxc3 Rb8 11. e6 Qe7 12. Bc4 fxe6 13. Qh5+ Qf7 14. Qxf7+ Kxf7 15. 0-0 Rf8 16. Rab1 Rb6 17. Rxb6 cxb6 18. Rd1 Ke7 19. Kf1 d6 20. Bb3 e5 21. Ba4 b5 22. Bb3 Be6 23. Bxe6 Kxe6 24. Ke2 Rf4 25. g3 Re4+ 26. Kd3 Ra4 27. Ra1 d5 28. Re1 Rxa2 29. f4 e4+ 30. Kd2 Kf5 31. h3 h5 32. h4 a5 33. Kc1 Ra1+ 34. Kd2 Rxe1 35. Kxe1 Kg4 36. Kf2 a4 37. Kg2 a3 38. Kf2 a2 39. Kg2 a1Q 40. Kf2 Qc1 41. Ke2 Qxc2+ 42. Ke3 Qd3+ 43. Kf2 e3+ 44. Kg2 Qd2+ 45. Kg1 e2 46. Kf2 e1Q# 0-1